Aquaculture and fisheries biotechnology: Genetic approaches (Record no. 1237959)

MARC details
000 -LEADER
fixed length control field 00795nam a2200253Ia 4500
005 - DATE AND TIME OF LATEST TRANSACTION
control field 20250117103637.0
008 - FIXED-LENGTH DATA ELEMENTS--GENERAL INFORMATION
fixed length control field 008 250103s9999 xx 000 0 eng d
020 ## - INTERNATIONAL STANDARD BOOK NUMBER
International Standard Book Number 9781789243444
037 ## - SOURCE OF ACQUISITION
Stock number Textual
040 ## - CATALOGING SOURCE
Original cataloging agency CSL
Language of cataloging eng
Transcribing agency CSL
041 ## - LANGUAGE CODE
Language code of text/sound track or separate title eng
Source of code eng
084 ## - COLON CLASSIFICATION NUMBER
Classification number KZ332 P4;R3
Assigning agency CSL
100 ## - MAIN ENTRY--PERSONAL NAME
Personal name Dunham, Rex
9 (RLIN) 732086
245 #0 - TITLE STATEMENT
Title Aquaculture and fisheries biotechnology: Genetic approaches
Statement of responsibility, etc. Dunham, Rex
250 ## - EDITION STATEMENT
Edition statement 3rd
260 ## - PUBLICATION, DISTRIBUTION, ETC.
Place of publication, distribution, etc. Boston
Name of publisher, distributor, etc. CABI Usa
Date of publication, distribution, etc. 2023
300 ## - PHYSICAL DESCRIPTION
Extent xiii,629p. Col.ill
650 ## - SUBJECT ADDED ENTRY--TOPICAL TERM
Topical term or geographic name entry element Basic genetics qualitative traits
9 (RLIN) 734457
650 ## - SUBJECT ADDED ENTRY--TOPICAL TERM
Topical term or geographic name entry element Polyploidy
9 (RLIN) 734458
650 ## - SUBJECT ADDED ENTRY--TOPICAL TERM
Topical term or geographic name entry element Xenogenesis
9 (RLIN) 734459
650 ## - SUBJECT ADDED ENTRY--TOPICAL TERM
Topical term or geographic name entry element Phenotypic variation and environmental effects
9 (RLIN) 734460
942 ## - ADDED ENTRY ELEMENTS (KOHA)
Koha item type Textual
Classification part KZ332 P4;R3
Holdings
Withdrawn status Lost status Damaged status Not for loan Home library Current library Date acquired Source of acquisition Inventory number Total Checkouts Full call number Barcode Date last seen Date last checked out Price effective from Koha item type
        Central Science Library Central Science Library 2025-01-17 Indica Publishers & Distributors Pvt. Ltd. 1756, 13/02/2024 2 KZ332 P4;R3 SL1655909 2026-02-27 2026-02-11 2025-01-17 Textual
Copyright @ Delhi University Library System